000 00449 a2200181 4500
005 20260116160548.0
008 260116b |||||||| |||| 00| 0 eng d
020 _a9789369503865
_cRs. 1995.00
040 _aMAIN
082 _a823
_bC463S
100 _aChristie, Agatha
245 _aSecret of chimneys
260 _bLector House
_c2026
_aDelhi
300 _a205
650 _aEnglish Literature
650 _aEnglish Fiction
942 _cBK
999 _c395109
_d395109